00645nam a22002177a 4500003000500000005001700005008004100022010000900063011000900072035000900081040000900090100002800099245006500127260004000192300002500232500001100257502008100268650003100349650002200380650002500402CHAP20220329133049.0971013s1990 r 00010 d a1748 a2720 a1916 cCHAP00aLuna García, Refugio. aProducción y consumo de carbón en el estado de Chihuahua aChapingo, Méx. :bEl autor,c1990 a60 h.b: ilus; mapas aD43-22 aTesis (Ing. Agr. Esp. en Bosques) -- UACH. División de Ciencias Forestales14aCarbón como combustible.14aCarbón vegetal.14aCarbónxChihuahua.